[Event "II American Continental"]
[Site "Buenos Aires ARG"]
[Date "2003.08.27"]
[Round "9"]
[White "Goldin,A"]
[Black "Bruzon,L"]
[Result "1/2-1/2"]
[WhiteElo "2608"]
[BlackElo "2614"]

1.d4 Nf6 2.c4 e6 3.Nf3 d5 4.Nc3 Nbd7 5.Bf4 dxc4 6.e3 Nd5 7.Bxc4 Nxf4 8.exf4 Bd6
9.g3 O-O 10.O-O b6 11.Qe2  1/2-1/2

[Event "1st Israel Int Op"]
[Site "Ashod ISR"]
[Date "2003.10.12"]
[Round "1"]
[White "Lurie,M"]
[Black "Goldin,A"]
[Result "1/2-1/2"]
[WhiteElo "2272"]
[BlackElo "2629"]

1.e4 c5 2.Nf3 e6 3.d4 cxd4 4.Nxd4 a6 5.Bd3 Bc5 6.Nb3 Be7 7.Be3 Nf6 8.N1d2 d6
9.a4 Nbd7 10.a5 d5 11.O-O O-O 12.Qe2 Qc7 13.c4 dxe4 14.Nxe4 Nxe4 15.Bxe4 f5
16.Bf3 Ne5 17.Rac1 Bf6 18.Bb6 Nxf3+ 19.Qxf3 Qf7 20.Qe2 e5 21.Rfd1 Bd7 22.Nc5 Bc6
23.b4 Bg5 24.b5 axb5 25.cxb5 Bd5 26.Qxe5 Bxc1 27.Qxd5 Qxd5 28.Rxd5 Rf7 29.g3 f4
30.Nd3 Bd2 31.Ne5 Re7 32.Nc4 Bb4 33.gxf4 Re4 34.Nd6 Re1+ 35.Kg2 Bxa5 36.Bxa5 Rxa5
37.Nxb7 Ra8 38.Rd7 Kf8 39.Nc5 Rc8 40.Rd5 Rb1 41.b6  1/2-1/2

[Event "1st Israel Int Op"]
[Site "Ashdod ISR"]
[Date "2003.10.13"]
[Round "3"]
[White "Markosian,D"]
[Black "Goldin,A"]
[Result "0-1"]
[WhiteElo "2426"]
[BlackElo "2629"]

1.d4 Nf6 2.Nf3 e6 3.e3 b6 4.Bd3 Bb7 5.O-O c5 6.b3 Be7 7.Bb2 O-O 8.Nbd2 Nc6
9.a3 cxd4 10.exd4 Nd5 11.Re1 Nf4 12.Bf1 d5 13.g3 Ng6 14.Bd3 Re8 15.Qe2 Bd6
16.Ne5 Nf8 17.f4 f6 18.Nxc6 Bxc6 19.Nf3 Qd7 20.Rad1 b5 21.Qf1 Rab8 22.Re2 a5
23.Qh3 Bc7 24.Rde1 Bb6 25.Kg2 Qf7 26.f5 exf5 27.Rxe8 Rxe8 28.Rxe8 Qxe8 29.Qxf5 Bc7
30.Nh4 b4 31.a4 Qe7 32.Qf3 g6 33.Kf2 Ne6 34.Qe3 f5 35.Nf3 f4 36.Qe2 fxg3+
37.hxg3 Qf6 38.Kg2 h5 39.Bb5 Bxb5 40.Qxb5 Qf5 41.Qe8+ Nf8 42.Qc6 Bd8 43.c4 bxc3
44.Qxc3 Ne6 45.Qe3 Bc7 46.Ne5 Bxe5 47.Qxe5 Qc2+ 48.Kh3 Kf7 49.Qxd5 Qxb2 50.Qb7+ Kf6
51.Qf3+ Kg7 52.Qe3 Qb1 53.Kg2 Qf5  0-1

[Event "1st Israel Int Op"]
[Site "Ashdod ISR"]
[Date "2003.10.14"]
[Round "4"]
[White "Goldin,A"]
[Black "Szuhanek,R"]
[Result "1-0"]
[WhiteElo "2629"]
[BlackElo "2455"]

1.d4 d5 2.c4 c6 3.Nf3 Nf6 4.Nc3 a6 5.e3 b5 6.cxd5 cxd5 7.Ne2 Qb6 8.Nf4 Bg4
9.Qb3 Bxf3 10.gxf3 Nc6 11.Nxd5 Nxd5 12.Qxd5 e6 13.Qe4 Bb4+ 14.Bd2 Bxd2+ 15.Kxd2 O-O
16.Bd3 f5 17.Qxe6+ Kh8 18.Rac1 Qa5+ 19.Rc3 Rf6 20.Qb3 Rd8 21.Rc1 f4 22.Kc2 fxe3
23.fxe3 Nb4+ 24.Kb1 Nd5 25.Rc8 Nxe3 26.Bxb5 Nf5 27.Qa4 Qb6 28.Qxa6  1-0

[Event "1st Israel Int Op"]
[Site "Ashdod ISR"]
[Date "2003.10.14"]
[Round "5"]
[White "Mikhalevski,V"]
[Black "Goldin,A"]
[Result "0-1"]
[WhiteElo "2548"]
[BlackElo "2629"]

1.d4 d5 2.c4 e6 3.Nf3 Nf6 4.g3 Bb4+ 5.Bd2 Be7 6.Bg2 c6 7.Qc2 Nbd7 8.O-O b6
9.Bf4 Ba6 10.b3 Rc8 11.Nc3 O-O 12.Rfd1 h6 13.e4 dxc4 14.Nd2 b5 15.bxc4 bxc4
16.Qa4 Bb5 17.Nxb5 Nb6 18.Qa6 cxb5 19.Qxb5 Ba3 20.Nf1 c3 21.Bc1 Nc4 22.Bxa3 Nxa3
23.Qa4 c2 24.Rdc1 Rc3 25.Ne3 Qc7 26.e5 Nd7 27.Be4 Nb6 28.Qb4 Rd8 29.Qb2 Kh8
30.Kg2 Rb8 31.Nxc2 Na4 32.Qxa3 Rxa3 33.Nxa3 Qd8 34.Nc4 Qxd4 35.Nd6 Nc3 36.Nxf7+ Kg8
37.Bg6 Rf8 38.Nd6 Rxf2+ 39.Kh3 Qxe5 40.Rab1 Nxb1 41.Rc8+ Rf8 42.Bf7+ Kh7
43.Rxf8 Qxd6 44.Re8 g5 45.Rxe6 Qd3 46.Re7 Qf5+ 47.Kg2 Kh8 48.Bh5  0-1

[Event "1st Israel Int Op"]
[Site "Ashdod ISR"]
[Date "2003.10.15"]
[Round "6"]
[White "Goldin,A"]
[Black "Huzman,A"]
[Result "1/2-1/2"]
[WhiteElo "2629"]
[BlackElo "2574"]

1.d4 d5 2.c4 c6 3.Nf3 Nf6 4.e3 a6 5.Bd3 Bg4 6.Nbd2 e6 7.O-O Nbd7 8.b3 Bd6
9.Bb2 Qb8 10.h3 Bh5 11.Qc2 Bg6 12.e4 dxe4 13.Nxe4 Bxe4 14.Bxe4 Nxe4 15.Qxe4 O-O
16.Rfe1 Nf6 17.Qc2 Be7 18.Re3 Qc7 19.Rae1 Rad8 20.Ng5 h6 21.Nf3 Rfe8 22.Bc3 Nh7
23.Ne5 Bf6 24.Rg3 Kh8 25.Re4 Bxe5 26.Rxe5 f6 27.Re1 c5 28.dxc5 Qxc5 29.Rge3 Nf8
30.Qe4 Rd7 31.b4 Qc7 32.c5 Red8 33.f4 Rd5 34.Rf3  1/2-1/2

[Event "1st Israel Int Op"]
[Site "Ashdod ISR"]
[Date "2003.10.15"]
[Round "7"]
[White "Milov,V"]
[Black "Goldin,A"]
[Result "1/2-1/2"]
[WhiteElo "2574"]
[BlackElo "2629"]

1.c4 e6 2.Nc3 d5 3.d4 Be7 4.cxd5 exd5 5.Bf4 c6 6.e3 Bf5 7.Nge2 Nd7 8.f3 Nb6
9.Ng3 Bg6 10.Qd2 h5 11.e4 dxe4 12.Ngxe4 Nf6 13.Nc5 Qc8 14.Bd3 Bxd3 15.Qxd3 Nfd5
16.Be5 O-O 17.O-O Rd8 18.N3e4 f6  1/2-1/2

[Event "1st Israel Int Op"]
[Site "Ashdod ISR"]
[Date "2003.10.17"]
[Round "9"]
[White "Zagrebelny,S"]
[Black "Goldin,A"]
[Result "1-0"]
[WhiteElo "2524"]
[BlackElo "2629"]

1.e4 c5 2.Nf3 e6 3.d4 cxd4 4.Nxd4 a6 5.Bd3 Bc5 6.Nb3 Be7 7.Qg4 g6 8.Qe2 d6
9.O-O Nd7 10.Nc3 b6 11.Bd2 Bb7 12.Rae1 Qc7 13.Kh1 h5 14.Nd4 h4 15.h3 Ngf6
16.Bg5 Ne5 17.Qe3 Nh5 18.Bxe7 Qxe7 19.Be2 Rc8 20.Nf3 Nd7 21.Rd1 e5 22.Qd2 Nf4
23.Rfe1 Rc6 24.Bf1 Kf8 25.Nd5 Nxd5 26.exd5 Rc7 27.Nxe5 Nxe5 28.f4 f6 29.fxe5 fxe5
30.c4 Kg7 31.Qb4 b5 32.cxb5 axb5 33.Bxb5 Rf8 34.b3 Rf2 35.Re2 Rf6 36.Bc4 Qf8
37.Re4 Bc8 38.Qd2 Rf2 39.Qe3 Qf6 40.Rd2 Rf5 41.a4 Ba6 42.Bxa6 Rc1+ 43.Kh2 g5
44.Rg4 Rf4 45.Rxf4 gxf4 46.Qe2  1-0

[Event "North American Open"]
[Site "Las Vegas USA"]
[Date "2003.12.26"]
[Round "1"]
[White "Wang,Ph"]
[Black "Goldin,A"]
[Result "0-1"]
[WhiteElo "2281"]
[BlackElo "2629"]

1.d4 Nf6 2.c4 e6 3.Nf3 b6 4.a3 Ba6 5.Qc2 c5 6.d5 exd5 7.cxd5 g6 8.Nc3 Bg7
9.e4 Bxf1 10.Kxf1 O-O 11.Bf4 d6 12.h3 a6 13.a4 h6 14.Nd2 Ne8 15.Nc4 Ra7 16.Qb3 Nd7
17.Nxd6 g5 18.Bg3 Nxd6 19.Bxd6 Re8 20.Re1 Ne5 21.Bxe5 Bxe5 22.g3 Rb7 23.Qc4 Qf6
24.Kg2 b5 25.Qd3 bxa4 26.Nxa4 Rb4 27.Qc2 Reb8 28.Rhf1 Rb3 29.Re3 Rxe3 30.fxe3 Qe7
31.Qxc5 Rxb2+ 32.Rf2 Rxf2+ 33.Kxf2 Bd6 34.Qc8+ Kg7 35.Qc3+ f6 36.Kf3 h5 37.Qd4 Qc7
38.Qb6 Qc1 39.Qxa6 Qd1+ 40.Kf2 Qc2+ 41.Kf3 g4+ 42.hxg4 hxg4+ 43.Kxg4 Qxe4+
44.Kh3 Qh1+ 45.Kg4 f5+ 46.Kxf5 Qxd5+ 47.Kg4 Kg6  0-1

[Event "North American Open"]
[Site "Las Vegas USA"]
[Date "2003.12.28"]
[Round "3"]
[White "Filippov,Va"]
[Black "Goldin,A"]
[Result "1-0"]
[WhiteElo "2630"]
[BlackElo "2629"]

1.Nf3 d5 2.d4 Nf6 3.c4 e6 4.g3 Bb4+ 5.Bd2 Be7 6.Bg2 c6 7.Qc2 Nbd7 8.O-O b6
9.Bf4 Ba6 10.b3 Rc8 11.Nc3 O-O 12.Rfd1 h6 13.e4 dxc4 14.Nd2 b5 15.bxc4 bxc4
16.Na4 c5 17.d5 e5 18.Be3 Ng4 19.Bf1 Nxe3 20.fxe3 Bg5 21.Qc3 Rb8 22.Bxc4 Bxc4
23.Nxc4 f5 24.exf5 e4 25.Rab1 Rxf5 26.Rxb8 Qxb8 27.Qc2 Qe8 28.Nc3 Rf3 29.Nxe4 Qg6
30.Kg2 Rf8 31.Qd3 Bd8 32.Rf1 Rxf1 33.Kxf1 h5 34.Kf2 Qa6 35.a3 Nb6 36.Ned2 Bf6
37.Qe2 Nxd5 38.Qf3 Qe6 39.Qxh5 Kf8  1-0

[Event "North American Open"]
[Site "Las Vegas USA"]
[Date "2003.12.28"]
[Round "4"]
[White "Boros,De"]
[Black "Goldin,A"]
[Result "1/2-1/2"]
[WhiteElo "2393"]
[BlackElo "2629"]

1.e4 c5 2.Nf3 e6 3.d4 cxd4 4.Nxd4 a6 5.Bd3 Qc7 6.O-O Nf6 7.c4 Nc6 8.Nxc6 dxc6
9.Nc3 e5 10.Qc2 Bc5 11.Bg5 Be6 12.Na4 Bd4 13.c5 Nd7 14.Kh1 h6 15.Bd2 O-O
16.Rad1 Rad8 17.Bb4 a5 18.Ba3 Nf6 19.Be2 Ng4 20.Bxg4 Bxg4 21.f3 Be6 22.Nc3 f5
23.exf5 Rxf5 24.Ne4 Qe7 25.b3 Bd5 26.Ng3 Rff8 27.Nf5 Qf7 28.Nxd4 exd4 29.Bb2 a4
30.Rxd4 axb3 31.axb3 Bxb3 32.Qc3 Rxd4 33.Qxd4 Re8 34.Bc1 Bc4 35.Rg1 Re2 36.Qf4 Qe6
37.Qg3 Bd5 38.Bf4 Kh7 39.h3 Qf5 40.Qg4 Qf6 41.Bg3 Rc2 42.Bd6 b5 43.cxb6 Qxd6
44.Qf5+ Qg6 45.Qxg6+ Kxg6 46.Rb1 c5 47.b7 Bxb7 48.Rxb7 h5 49.h4 Rc4 50.g3 Rc2
51.Rc7 Kf6 52.Kg1 c4 53.Kf1 g6 54.Rc5 Ke6 55.g4 c3 56.gxh5 gxh5 57.Ke1 Kd6
58.Rxh5 Rd2 59.Rh8 Kc5 60.h5 Kc4 61.h6 Rh2 62.Kd1  1/2-1/2

[Event "6th Foxwoods Open"]
[Site "Connecticut USA"]
[Date "2004.04.09"]
[Round "5"]
[White "Goldin,A"]
[Black "Ibragimov,I"]
[Result "1/2-1/2"]
[WhiteElo "2611"]
[BlackElo "2556"]

1.d4 d5 2.c4 dxc4 3.e3 Nf6 4.Bxc4 e6 5.Nf3 c5 6.O-O a6 7.dxc5 Qxd1 8.Rxd1 Bxc5
9.Nbd2 O-O 10.Be2 Rd8 11.b3 b6 12.Bb2 Bb7 13.Rac1 Nbd7 14.Nc4 Bd5 15.Nce5 Nxe5
16.Nxe5 Bb7 17.Bf3 Bxf3 18.gxf3 Nd5  1/2-1/2

[Event "6th Foxwoods Open"]
[Site "Connecticut USA"]
[Date "2004.04.10"]
[Round "6"]
[White "Becerra Rivero,J"]
[Black "Goldin,A"]
[Result "1/2-1/2"]
[WhiteElo "2547"]
[BlackElo "2611"]

1.e4 e5 2.Nf3 Nc6 3.Bb5 a6 4.Ba4 Nf6 5.O-O Be7 6.Re1 b5 7.Bb3 d6 8.c3 O-O
9.h3 Nb8 10.d4 Nbd7 11.Nbd2 Bb7 12.Bc2 Re8 13.Nf1 Bf8 14.Ng3 g6 15.Bg5 h6
16.Bd2 Bg7 17.a4 c5 18.d5 c4 19.Be3 Nc5 20.Qd2 h5 21.axb5 axb5 22.Rxa8 Qxa8
23.Rb1 Nh7 24.Qc1 Qd8 25.Ra1 Qb6 26.Nd2 Nf6 27.Qb1 Rb8 28.Ra2 Qd8 29.Qa1 Nfd7
30.Ra3 Ra8 31.Rxa8 Qxa8 32.Qxa8+ Bxa8 33.Nb1 Bb7 34.Na3 Ba6 35.Ne2 Nb6 36.Nc1 Na8
37.Na2 Nc7 38.Nb4 Bb7 39.f3 Kf8 40.Kf2 Ke7 41.g4 Bf6 42.Kg3  1/2-1/2

[Event "Chicago Open"]
[Site "Chicago USA"]
[Date "2004.05.29"]
[Round "2"]
[White "Goldin,A"]
[Black "Pasalic,M"]
[Result "1-0"]
[WhiteElo "2611"]
[BlackElo "2360"]

1.d4 Nf6 2.c4 e6 3.Nf3 d5 4.Nc3 Be7 5.Bg5 c6 6.e3 Nbd7 7.Rc1 O-O 8.Bd3 a6
9.a4 dxc4 10.Bxc4 b5 11.Bd3 b4 12.Bxf6 gxf6 13.Ne4 f5 14.Nc5 Nxc5 15.dxc5 Bf6
16.Qe2 Bxb2 17.Qxb2 Qxd3 18.Ne5 Qe4 19.O-O f6 20.Nc4 e5 21.Nd6 Qd3 22.Qxb4 Be6
23.Qb7 f4 24.Qe7 Bg4 25.exf4 exf4 26.Rc4 Rab8 27.Rxf4 Qxf1+ 28.Kxf1 Rb1+
29.Qe1 Rxe1+ 30.Kxe1 Be6 31.Rb4 Bd5 32.f3 a5 33.Rb7 h5 34.h4 f5 35.Kd2 f4
36.Kc3 Rf6 37.Re7 Rg6 38.Re2 Rg7 39.Rb2 Re7 40.Rb8+ Kh7 41.Rb7  1-0

[Event "Chicago Open"]
[Site "Chicago USA"]
[Date "2004.05.29"]
[Round "3"]
[White "Schneider,Dm"]
[Black "Goldin,A"]
[Result "0-1"]
[WhiteElo "2454"]
[BlackElo "2611"]

1.e4 e5 2.Nf3 Nc6 3.Bb5 Nf6 4.d3 d6 5.c4 g6 6.Nc3 Bg7 7.h3 O-O 8.O-O h6 9.Re1 Nd7
10.b3 f5 11.Bb2 f4 12.Bxc6 bxc6 13.d4 exd4 14.Nxd4 Bxd4 15.Qxd4 Ne5 16.f3 Bxh3
17.Rf1 Qg5 18.Qd2 Rad8 19.Rad1 h5 20.Qf2 h4 21.Na4 Rfe8 22.c5 d5 23.Kh1 dxe4
24.Bxe5 e3 25.Qe2 Rxd1 26.Rxd1 Rxe5 27.gxh3 Qg3 28.Nc3 Qxh3+ 29.Qh2 Qxf3+
30.Qg2 Qxg2+ 31.Kxg2 Kf7 32.Kf3 g5 33.b4 Re8 34.Rd7+ Kg6 35.Ne2 h3 36.Rd1 Kf5
37.Nd4+ Kg6 38.Ne2 Kf5 39.Nd4+ Kg6 40.Ne2 Rh8 41.Rh1 h2 42.Kg4 Rh4+ 43.Kf3 Kf6
44.Nd4 Rh3+ 45.Kg2 g4  0-1

[Event "32nd World Open"]
[Site "Philadelphia USA"]
[Date "2004.07.02"]
[Round "2"]
[White "Goletiani,R"]
[Black "Goldin,A"]
[Result "1/2-1/2"]
[WhiteElo "2334"]
[BlackElo "2624"]

1.Nf3 Nf6 2.b3 g6 3.Bb2 Bg7 4.e3 O-O 5.Be2 d6 6.d4 c5 7.O-O b6 8.c4 Bb7 9.Nc3 e6
10.Qc2 Qe7 11.Rad1 a6 12.Qb1 Nbd7 13.Qa1 Rfd8 14.dxc5 bxc5 15.Rd2 Nb6 16.Rfd1 d5
17.a4 a5 18.cxd5 exd5 19.Nb5 Ne8 20.Ne5 d4 21.Nf3 dxe3 22.Rxd8 Rxd8 23.Rxd8 exf2+
24.Kxf2 Qxd8 25.Bxg7 Nxg7 26.Qc3 Nd7 27.Nd6 Bxf3 28.Bxf3 Ne6 29.Nb7 Qh4+
30.Kg1 Nd4 31.Nxa5 Ne5 32.Qe3 Qf6 33.Be2 Qf5 34.h3 f6 35.Nc4 Kg7 36.a5 Qb1+
37.Kh2 Nf5 38.Qxc5 Qxb3 39.Nxe5 Qg3+ 40.Kh1 fxe5 41.a6 Qe1+ 42.Kh2 Qxe2 43.a7 Qe4
44.Qa5 Qf4+ 45.Kg1 Nd4 46.Qe1 Nc2 47.Qa5  1/2-1/2

[Event "32nd World Open"]
[Site "Philadelphia USA"]
[Date "2004.07.04"]
[Round "7"]
[White "Goldin,A"]
[Black "Mikhalevski,V"]
[Result "*"]
[WhiteElo "2624"]
[BlackElo "2551"]

1.d4 Nf6 2.c4 g6 3.Nc3 d5 4.cxd5 Nxd5 5.e4 Nxc3 6.bxc3 Bg7 7.Qa4+ Nd7 8.Be3 c5
9.Rd1 O-O 10.Bd3 Qc7 11.Ne2 a6 12.Qa3 Rb8 13.O-O e6 14.f4 b5 15.f5 exf5 16.Bf4 Qc6
17.Bxb8 fxe4 18.d5 Qb6 19.Bxe4 Nxb8 20.Kh1 Qd6 21.c4 Nd7 22.cxb5 axb5 23.Bd3 b4
24.Qc1 Ne5 25.Qf4 Bd7 26.Rfe1 Ra8 27.Bb1 Ba4 28.Rd2 c4 29.Nd4 c3 30.Rde2 Nc4
31.Nc6  *

[Event "36th Olympiad"]
[Site "Calvia ESP"]
[Date "2004.10.17"]
[Round "3"]
[White "Goldin,A"]
[Black "Moradiabadi,E"]
[Result "1-0"]
[WhiteElo "2620"]
[BlackElo "2445"]

1.d4 Nf6 2.c4 g6 3.g3 Bg7 4.Bg2 O-O 5.Nc3 c6 6.e4 d6 7.h3 e5 8.Nf3 Nbd7 9.O-O Re8
10.Be3 exd4 11.Nxd4 Nc5 12.Qc2 Qe7 13.Rfe1 Bd7 14.Nb3 Nxb3 15.axb3 Be6 16.f4 Qc7
17.Qf2 b6 18.Rad1 Rad8 19.Rd2 h5 20.Red1 Bc8 21.Bd4 Nh7 22.Bxg7 Kxg7 23.Rd3 Rd7
24.Qd2 Red8 25.b4 Nf6 26.b3 a5 27.bxa5 bxa5 28.Na4 Ne8 29.Qf2 c5 30.Nc3 Bb7
31.Nb5 Qb6 32.e5 Ba6 33.f5 Bxb5 34.f6+ Kg8 35.cxb5 Qxb5 36.Qe2 c4 37.bxc4 Qc5+
38.Kh1 Nc7 39.Qe4 Ne6 40.Rd5 Qf2 41.exd6 Qxg3 42.c5 Nf4 43.R5d2 a4 44.Qf3 Qxf3
45.Bxf3  1-0

[Event "36th Olympiad"]
[Site "Calvia ESP"]
[Date "2004.10.20"]
[Round "6"]
[White "Zelcic,R"]
[Black "Goldin,A"]
[Result "0-1"]
[WhiteElo "2531"]
[BlackElo "2620"]

1.e4 e5 2.Nf3 Nc6 3.d4 exd4 4.Nxd4 Bc5 5.Be3 Qf6 6.c3 Nge7 7.Bc4 b6 8.O-O Bb7
9.f4 O-O-O 10.e5 Qh6 11.Qe2 Bxd4 12.cxd4 Nf5 13.Nc3 Ncxd4 14.Bxd4 Nxd4 15.Qf2 d5
16.exd6 Rxd6 17.Bxf7 Rf8 18.Qe3 Ne6 19.Bxe6+ Rxe6 20.Qd2 Rd6 21.Qe3 Rdf6
22.Ne2 Ba6 23.Rfc1 Bxe2 24.Qxe2 Qxf4 25.Kh1 Kb8 26.h3 R6f7 27.Rc4 Qf2 28.Qe5 Qf6
29.Qe2 Qd6 30.Rc2 Re7 31.Qc4 Rfe8 32.Rf1 Re1 33.Rc1 Rxc1 34.Rxc1 a5 35.b3 h6
36.Qf7 Re7 37.Qf8+ Ka7 38.Qf2 Qd5 39.Qg3 Kb7 40.a3 Qe5 41.Qf3+ Qe4 42.Qc3 g5
43.b4 axb4 44.axb4 Qd5 45.Qc2 h5 46.Rd1 Qe4 47.Qa4 Qh4 48.Qb3 Re1+ 49.Rxe1 Qxe1+
50.Kh2 Qe5+ 51.Kg1 Qd4+ 52.Kh2 Qf4+ 53.Kg1 Kc6 54.Qa4+ Kd5 55.Qb5+ Kd4 56.Qc6 g4
57.hxg4 hxg4 58.Qc2 g3 59.Qd1+ Kc4 60.Qe2+ Kxb4 61.Qb2+ Kc4  0-1

[Event "36th Olympiad"]
[Site "Calvia ESP"]
[Date "2004.10.23"]
[Round "8"]
[White "Goldin,A"]
[Black "Guseinov,G"]
[Result "1/2-1/2"]
[WhiteElo "2620"]
[BlackElo "2552"]

1.d4 Nf6 2.c4 g6 3.Nc3 Bg7 4.Nf3 d6 5.g3 O-O 6.Bg2 Nc6 7.O-O a6 8.Qd3 Bf5
9.e4 Bg4 10.d5 Bxf3 11.Qxf3 Nd4 12.Qd1 Nd7 13.Be3 c5 14.dxc6 Nxc6 15.Rc1 Qa5
16.a3 Rfc8 17.f4 Qd8 18.b4 Qe8 19.Rf2 Rab8 20.Nd5 e6 21.Nb6 Nxb6 22.Bxb6 Qe7
23.b5 Nd8 24.a4 Ra8 25.a5 Qd7 26.Bf1 Qe7 27.Kh1 h5 28.h4 Bf8 29.Kh2 Bg7 30.Rd2 e5
31.f5 Bh6 32.fxg6 Bxd2 33.gxf7+ Nxf7 34.Qxd2 Kg7 35.Be2 axb5 36.cxb5 Rxc1
37.Qxc1 Qe6 38.Bxh5 Rc8 39.Qd1 Qa2+ 40.Kh3 Rc2 41.Qg4+ Kf8 42.Bg1 Rc1 43.Bh2 Rc2
44.Bg1 Rc1 45.Bh2 Rc2  1/2-1/2

[Event "36th Olympiad"]
[Site "Calvia ESP"]
[Date "2004.10.26"]
[Round "11"]
[White "Goldin,A"]
[Black "Grischuk,A"]
[Result "1/2-1/2"]
[WhiteElo "2620"]
[BlackElo "2704"]

1.d4 Nf6 2.c4 e6 3.Nc3 Bb4 4.Qc2 O-O 5.e4 d5 6.e5 Ne4 7.a3 Bxc3+ 8.bxc3 c5
9.Bd3 Qa5 10.Ne2 cxd4 11.cxd5 exd5 12.f3 Nxc3 13.Nxd4 Ne4+ 14.Kf1 Qc3 15.Qxc3 Nxc3
16.Bd2 Na4 17.Bb4 Rd8 18.Kf2 Nb2 19.Be2 Nc4 20.Bxc4 dxc4 21.Rhd1 Bd7 22.Nf5 Nc6
23.Ne7+ Kh8 24.Bd6 Re8 25.Nxc6 Bxc6 26.Rd4 b5 27.a4 a6 28.axb5 Bxb5 29.f4 f6
30.Ke3 Rac8 31.Rc1 c3 32.Rb4 Kg8 33.Rc2 Rc6 34.Rd4 a5 35.Ke4 h5 36.Ba3 fxe5
37.fxe5 Rg6 38.Bd6 Rc8 39.Ke3 Bd7 40.Rd3 Bf5 41.Rdxc3 Rxc3+ 42.Rxc3 Rxg2
43.e6 Bxe6 44.Ra3 Rg5 45.Bc7 Rc5 46.Bxa5 Rc2 47.Bd2 h4 48.Ra5 Kf7 49.Rh5 h3
50.Rg5 Kf6 51.Rg1 Bf5 52.Rc1 Ra2 53.Rc6+ Kg5 54.Rc7 g6 55.Rc4 Kf6 56.Rc6+ Ke5
57.Rc5+ Ke6 58.Ra5 Rb2 59.Ra6+ Kd5 60.Ra5+ Kc4 61.Ra4+ Kb5 62.Ra8 Rc2 63.Ra1 Rc4
64.Kf2 Rg4 65.Rg1 Rd4 66.Be3 Rb4 67.Rd1 Kc6 68.Rd4 Rb1 69.Kg3 Be6 70.Rd2 Rb3
71.Kf2 Bd5 72.Rd4 Kd6 73.Rg4 Rb2+ 74.Kg1 Re2 75.Rxg6+ Ke5 76.Rg3 Bg2 77.Bf2 Ra2
78.Re3+  1/2-1/2

[Event "36th Olympiad"]
[Site "Calvia ESP"]
[Date "2004.10.27"]
[Round "12"]
[White "Vaganian,R"]
[Black "Goldin,A"]
[Result "1/2-1/2"]
[WhiteElo "2640"]
[BlackElo "2620"]

1.d4 Nf6 2.Nf3 d5 3.c4 e6 4.Nc3 Bb4 5.Bg5 h6 6.Bxf6 Qxf6 7.Qb3 c5 8.cxd5 exd5
9.e3 O-O 10.dxc5 Bxc3+ 11.Qxc3 Qxc3+ 12.bxc3 Be6 13.Bb5 Rc8 14.Kd2 Rxc5 15.Rhb1 Rc7
16.Nd4 Nc6 17.Bxc6 bxc6 18.Rb2 c5 19.Nxe6 fxe6 20.Rab1 Kf7 21.Rb7 Rc8 22.c4 Ke7
23.cxd5 exd5 24.h4 Kd6 25.h5 Rf8 26.f4 Re8 27.R1b5 Rce7 28.Rxe7 Rxe7 29.Ra5 Kc6
30.a4 c4 31.g4 Rb7 32.Rb5 Rxb5 33.axb5+ Kxb5 34.g5 Kc6 35.f5 Kd6 36.f6 Ke6
37.fxg7 Kf7 38.gxh6 a5  1/2-1/2

[Event "7th Foxwoods Open"]
[Site "Connecticut USA"]
[Date "2005.03.23"]
[Round "1"]
[White "Goldin,A"]
[Black "Dougherty,M"]
[Result "1-0"]
[WhiteElo "2628"]
[BlackElo "2233"]

1.d4 g6 2.c4 Bg7 3.Nc3 d6 4.Nf3 Bg4 5.Bg5 h6 6.Be3 Nd7 7.h3 Bxf3 8.exf3 c5
9.d5 Bxc3+ 10.bxc3 Qa5 11.Qb3 a6 12.Be2 Rb8 13.a4 Ngf6 14.O-O Kf8 15.Qc2 Kg7
16.f4 Qc7 17.f5 b5 18.fxg6 fxg6 19.cxb5 axb5 20.Bxb5 Nxd5 21.Bd2 Rhf8 22.Qc1 Rh8
23.c4 N5f6 24.Bc3 e5 25.f4 Rhf8 26.Qe3 Kh7 27.Rad1 Rbd8 28.a5 e4 29.Rf2 Rf7
30.f5 g5 31.Rfd2 Nb8 32.Bxf6 Rxf6 33.Qxe4  1-0

[Event "7th Foxwoods Open"]
[Site "Connecticut USA"]
[Date "2005.03.25"]
[Round "5"]
[White "Goldin,A"]
[Black "Friedel,J"]
[Result "1/2-1/2"]
[WhiteElo "2628"]
[BlackElo "2423"]

1.Nf3 Nc6 2.d4 d5 3.Bf4 Bg4 4.e3 e6 5.c4 Bb4+ 6.Nc3 Nf6 7.Qb3 a5 8.Be2 a4
9.Qc2 dxc4 10.O-O Bf5 11.Qc1 Bxc3 12.bxc3 b5 13.Bg5 Qd6 14.Nh4 Ne4 15.Bf4 Qe7
16.Nxf5 exf5 17.f3 Nd6 18.Qa3 Nc8 19.Qb2 Rb8 20.e4 O-O 21.Rae1 a3 22.Qc1 fxe4
23.fxe4 Nb6 24.Bf3 Nd8 25.d5 Nb7 26.Be3 Nd7 27.Bd4 Ne5 28.Qe3 Rfe8 29.Rb1 Nd6
30.Ba7 Rb7 31.Bc5 Nd3 32.Bxa3 Nf5 33.Qxd3 Qxa3 34.Qd2 Qc5+ 35.Qf2 Qxf2+ 36.Kxf2 Nd6
37.Rfe1 f6 38.Ke3 Nf5+ 39.Kf2 Nd6 40.Ke3 Ra8 41.Re2 Nf7 42.Reb2 Nd6 43.Kd4 Rba7
44.Rxb5 Nxb5+ 45.Rxb5 Rxa2 46.Kxc4 Kf7 47.Kd4 R8a5 48.Rb7 Ra7 49.Rb8 R7a4+
50.Kd3 Ra8 51.Rb7 R2a7 52.Rb4 Ke7 53.e5 fxe5 54.d6+ Kxd6 55.Bxa8 Rxa8 56.Rg4 g6
57.Rh4 h5 58.Rh3 Ra4 59.Re3 Kd5 60.Re2 e4+ 61.Ke3 Ra3 62.Rd2+ Ke5 63.Rc2 h4
64.g3 hxg3  1/2-1/2

[Event "7th Foxwoods Open"]
[Site "Connecticut USA"]
[Date "2005.03.26"]
[Round "7"]
[White "Goldin,A"]
[Black "Shabalov,A"]
[Result "1/2-1/2"]
[WhiteElo "2628"]
[BlackElo "2607"]

1.d4 d5 2.c4 c6 3.Nf3 Nf6 4.Nc3 e6 5.Bg5 dxc4 6.e4 b5 7.e5 h6 8.Bh4 g5 9.exf6 gxh4
10.Ne5 Qxf6 11.a4 c5 12.Be2 cxd4 13.Qxd4 Nd7 14.Qe4 Qxe5 15.Qxa8 Bb4 16.O-O Ke7
17.Qf3 Bd6 18.Qh3 b4 19.Nb5 Qxe2 20.Qxh4+ f6 21.Rfe1 Qxb2 22.Rab1 Qd2 23.Qg4 Kf8
24.Qxe6 Bc5 25.Re2 Qd3 26.Rbe1 Rg8 27.Re4 h5 28.Nc7 Kg7 29.Ne8+ Kh8 30.Nxf6 Rf8
31.Nxd7 Bxf2+ 32.Kh1 Bxd7 33.Qh6+ Kg8 34.Qg6+ Kh8 35.Qxh5+ Kg8 36.Qg6+ Kh8
37.Qh6+ Kg8 38.Re7 Bd4 39.Qg5+ Kh8 40.Qh5+ Kg8  1/2-1/2

[Event "HB Global CC"]
[Site "Minneapolis USA"]
[Date "2005.05.18"]
[Round "1"]
[White "Bournival,B"]
[Black "Goldin,A"]
[Result "0-1"]
[WhiteElo "2239"]
[BlackElo "2615"]

1.e4 c5 2.Nc3 Nc6 3.f4 e6 4.Nf3 d5 5.Bb5 Ne7 6.exd5 exd5 7.Qe2 Qd6 8.d4 cxd4
9.Nxd4 a6 10.Nxc6 bxc6 11.Bd3 g6 12.O-O Bg7 13.f5 O-O 14.fxg6 Nxg6 15.Bg5 Bd7
16.Rae1 Rae8 17.Qh5 Re5 18.Rxe5 Qxe5 19.Bxg6 fxg6 20.Rxf8+ Bxf8 21.Qh4 Bf5  0-1

[Event "HB Global CC"]
[Site "Minneapolis USA"]
[Date "2005.05.19"]
[Round "2"]
[White "Goldin,A"]
[Black "Vucic,M"]
[Result "1-0"]
[WhiteElo "2615"]
[BlackElo "2374"]

1.d4 Nf6 2.c4 e6 3.Nc3 d5 4.cxd5 exd5 5.Bg5 c6 6.e3 h6 7.Bh4 Be7 8.Qc2 O-O
9.Bd3 Re8 10.Nge2 Nbd7 11.f3 c5 12.O-O c4 13.Bf5 Nb6 14.Bxc8 Rxc8 15.Rad1 Qd7
16.Bxf6 Bxf6 17.e4 Be7 18.a3 Bd6 19.e5 Be7 20.f4 f5 21.g4 g6 22.Ng3 Rf8 23.gxf5 gxf5
24.Kh1 Kh8 25.Qg2 Rc6 26.Qh3 Rg6 27.Rg1 Qe6 28.Rdf1 Rg4 29.Nd1 Rh4 30.Qg2 Rg4
31.Ne3 Rg7 32.Qc2 Rgf7 33.Rg2 Bh4 34.Rfg1 Bxg3 35.Rxg3 Qe7 36.Qg2  1-0

[Event "HB Global CC"]
[Site "Minneapolis USA"]
[Date "2005.05.19"]
[Round "3"]
[White "Perelshteyn,E"]
[Black "Goldin,A"]
[Result "0-1"]
[WhiteElo "2507"]
[BlackElo "2615"]

1.e4 e5 2.Nf3 Nc6 3.Nc3 Nf6 4.d4 exd4 5.Nxd4 Bb4 6.Nxc6 bxc6 7.Bd3 d5 8.exd5 cxd5
9.O-O O-O 10.Bg5 c6 11.Na4 h6 12.Bh4 Be6 13.c3 Bd6 14.Bc2 c5 15.Qf3 Rc8 16.Bxf6 Qxf6
17.Qxf6 gxf6 18.Rad1 Rfd8 19.f4 f5 20.Rf3 Kg7 21.g3 Be7 22.b3 Bf6 23.Rfd3 c4
24.R3d2 Re8 25.Kf2 Rc6 26.bxc4 dxc4 27.Rb1 Rc7 28.Rb5 Bd7 29.Rc5 Rxc5 30.Nxc5 Bb5
31.a4 Bxc3 32.Rd5 Bc6 33.Rd6 Ba8 34.Nd7 Re1 35.Bxf5 Rh1 36.Ne5 Rxh2+ 37.Kf1 Bxe5
38.fxe5 c3 39.Rd7 c2 40.Bxc2 Rxc2 41.e6 Bg2+ 42.Kg1 Bh3 43.Rxf7+ Kg6 44.Rxa7 Bxe6  0-1

[Event "HB Global CC"]
[Site "Minneapolis USA"]
[Date "2005.05.20"]
[Round "4"]
[White "Goldin,A"]
[Black "Beliavsky,A"]
[Result "1/2-1/2"]
[WhiteElo "2615"]
[BlackElo "2630"]

1.Nf3 Nf6 2.c4 c6 3.d4 d5 4.Nc3 dxc4 5.a4 Bf5 6.e3 e6 7.Bxc4 Bb4 8.O-O O-O
9.Nh4 Bg6 10.Nxg6 hxg6 11.Qc2 Nbd7 12.Rd1 Qc7 13.Ba2 Rad8 14.h3 a5 15.Ne2 Rfe8
16.e4 e5 17.Bg5 exd4 18.Rxd4 Nf8 19.Rxd8 Rxd8 20.Be3 Qe5 21.f3 Ne6 22.Bxe6 Qxe6
23.Rd1 Rd7 24.Nf4 Qe7 25.Rxd7 Nxd7 26.Nd3 Ne5 27.b3 Nxd3 28.Qxd3 Bc5 29.Kf2 Bxe3+
30.Kxe3 Qg5+  1/2-1/2

[Event "HB Global CC"]
[Site "Minneapolis USA"]
[Date "2005.05.20"]
[Round "5"]
[White "Kudrin,S"]
[Black "Goldin,A"]
[Result "1-0"]
[WhiteElo "2554"]
[BlackElo "2615"]

1.e4 e5 2.Nf3 Nc6 3.Bc4 Bc5 4.c3 Nf6 5.d3 a6 6.O-O Ba7 7.Bb3 h6 8.Nbd2 O-O
9.Re1 d6 10.Nf1 Ne7 11.Ng3 Ng6 12.h3 Be6 13.d4 c6 14.Bc2 Re8 15.Be3 Qc7 16.Qd2 Rad8
17.Nf5 d5 18.Bxh6 Nxe4 19.Bxe4 dxe4 20.Nxg7 exf3 21.Nh5 f6 22.Nxf6+ Kf7 23.Nxe8 Rxe8
24.Qd3 fxg2 25.Rxe5 Bb8 26.Rae1 Re7 27.Bg5 Re8 28.f4 Bd7 29.Rxe8 Be6 30.Bh6 Kxe8
31.Qd2 Kf7 32.Re3 Ba7 33.Rf3 Kg8 34.Re3 Kf7 35.Re1 Kg8 36.Ra1 Qd7 37.Qd3 Kf7
38.Qf3 Qc7 39.Bg5 Kg7 40.Bh6+ Kf7 41.Bg5 Ke8 42.Bf6 Qf7 43.Bg5 Qc7 44.Bh6 Kf7
45.Re1 Ke8 46.Re3 Kf7 47.Re1 Ke8 48.h4 Kd7 49.h5 Kc8 50.Ra1 Qd7 51.Qd1  1-0

[Event "HB Global CC"]
[Site "Minneapolis USA"]
[Date "2005.05.21"]
[Round "6"]
[White "Goldin,A"]
[Black "Balandin,A"]
[Result "1/2-1/2"]
[WhiteElo "2615"]
[BlackElo "2365"]

1.d4 Nf6 2.c4 e6 3.Nc3 Bb4 4.Qc2 O-O 5.a3 Bxc3+ 6.Qxc3 d6 7.Nf3 Qe7 8.Bg5 Nbd7
9.Nd2 Re8 10.e3 e5 11.dxe5 dxe5 12.Qc2 b6 13.Bd3 h6 14.Bh4 Bb7 15.Bf5 Rad8
16.O-O g6 17.Bd3 Nc5 18.Be2 g5 19.Bg3 Nfe4 20.Rad1 Nxd2 21.Rxd2 Ne4 22.Rdd1 a5
23.Bg4 Nxg3 24.fxg3 Rxd1 25.Qxd1 Rd8 26.Qc2 Bc8 27.Bh5 Be6 28.Qe4 Rd2 29.Qxe5 Qc5
30.Qf6 Qxe3+ 31.Kh1 Rd7 32.Qxh6 Bxc4 33.Bg6 Bxf1 34.Bh7+ Kh8 35.Be4+ Kg8  1/2-1/2